Los Angeles architecture: the contemporary condition (Record no. 66863)

MARC details
000 -LEADER
fixed length control field 00285nam a22001097a 4500
005 - DATE AND TIME OF LATEST TRANSACTION
control field 20251008123036.0
008 - FIXED-LENGTH DATA ELEMENTS--GENERAL INFORMATION
fixed length control field 251008b |||||||| |||| 00| 0 eng d
040 ## - CATALOGING SOURCE
Transcribing agency PK-LaNCA
082 ## - DEWEY DECIMAL CLASSIFICATION NUMBER
Classification number 720.979493
Item number LOS
245 ## - TITLE STATEMENT
Title Los Angeles architecture: the contemporary condition
942 ## - ADDED ENTRY ELEMENTS (KOHA)
Koha item type Book
999 ## -
-- 66863
-- 66863
Holdings
Withdrawn status Weedout from Library Permanent Location Current Location Date acquired Full call number Barcode Price effective from Koha item type
    NATIONAL COLLEGE OF ARTS, RAWALPINDI CAMPUS - LIBRARY NATIONAL COLLEGE OF ARTS, RAWALPINDI CAMPUS - LIBRARY 08/10/2025 LOS 720.979493 RP006682 RP006682 08/10/2025 Book